000 00457nam a2200181Ia 4500
001 3007
005 20260306144849.0
008 260306t1995||||xx |||||||||||||| ||spa||
041 _aESP
082 _a241
_bR27
100 _aRatzinger, Joseph
_eAUT
245 0 _aVerdad, valores, poder:
_bpiedras de toque de la sociedad pluralista
260 _c1995
300 _a108 páginas :
_c19 cm.
650 _aGEN
654 _aCHU
942 _cLIB
_dJUS
_fJUS
_2ddc
_n
999 _c3007
_d3007